000 01141nam a2200277Ia 4500
003 IN-BaIIA
008 211028s9999 xx 000 0 eng d
020 _a90-277-1273-5
040 _cIIA Library
080 _a082.2:52
_bIAU-93
111 _aInternational Astronomical Union Symposium
_n93rd
_cJapan
_d1980 July 22-25
_912961
245 0 _aFundamental problems in the theory of stellar evolution
_bproceedings of the International Astronomical Union Symposium No.93 held at Kyoto University, Kyoto, Japan, July 22-25, 1980
_cedited by Daiichiro Sugimoto, Donald Q. Lamb and David N. Schramm
260 _aDordrecht
_bD. Reidel Publishing
_c1981
300 _axv, 347p.
490 _aIAU Symposium; no. 93
500 _aDonated by Mrs. Bappu
650 _aAstronomy and Astrophysics Thesaurus
650 _aStar Formatiion
650 _aStellar Evolution
650 _aStellar Structure
700 _aLamb, Donald Q., ed.
_911853
700 _aSchramm, David N., ed.
_911149
700 _aSugimoto, Daiichiro., ed.
_911854
710 _aInternational Astronomical Union
942 _cBK
999 _c7663
_d7663